Central Library OPAC University of Rajshahi

Your mind can heal you / (Record no. 29606)

MARC details
000 -LEADER
fixed length control field 00748cam a22002651 4500
001 - CONTROL NUMBER
control field 29606
003 - CONTROL NUMBER IDENTIFIER
rucl marc code BD-RjUL
005 - DATE AND TIME OF LATEST TRANSACTION
control field 20211209051431.0
008 - FIXED-LENGTH DATA ELEMENTS--GENERAL INFORMATION
fixed length control field 140406r19661942enkp 001 0 eng d
035 ## - SYSTEM CONTROL NUMBER
System control number (BD-RjUL)29691
System control number (OCoLC)1457033
040 ## - CATALOGING SOURCE
Original cataloging agency DLC
Transcribing agency FJ
Modifying agency DLC
-- BD-RjUL
Language of cataloging eng
041 ## - LANGUAGE CODE
Language code of text/sound track or separate title eng
082 00 - DEWEY DECIMAL CLASSIFICATION NUMBER
Classification number 615.852
Author mark and year BAY 1966
100 1# - MAIN ENTRY--PERSONAL NAME
Personal name Bailes, Frederick W.
9 (RLIN) 89154
245 10 - TITLE STATEMENT
Title Your mind can heal you /
Statement of responsibility, etc. by Frederick W. Bailes.
260 ## - PUBLICATION, DISTRIBUTION, ETC. (IMPRINT)
Place of publication, distribution, etc. London :
Name of publisher, distributor, etc. George Allen & Unwin Ltd,
Date of publication, distribution, etc. 1942 [Reprinted 1966]
300 ## - PHYSICAL DESCRIPTION
Pagination x p., 1 l., 242 p. ;
Size 20 cm.
500 ## - GENERAL NOTE
General note "First edition."
504 ## - BIBLIOGRAPHY, ETC. NOTE
Bibliography, etc Includes Index
650 #0 - SUBJECT ADDED ENTRY--TOPICAL TERM
Topical term or geographic name as entry element Mental healing.
9 (RLIN) 85849
942 ## - ADDED ENTRY ELEMENTS (KOHA)
Source of classification or shelving scheme Dewey Decimal Classification
Koha item type Books
Holdings
Lost status Source of classification or shelving scheme Damaged status Not for loan Collection code Permanent Location Current Location Shelving location Date acquired Source of acquisition Cost, normal purchase price Total Checkouts Full call number Date last seen Copy number Koha item type
  Dewey Decimal Classification     Non-fiction Central Library, University of Rajshahi Central Library, University of Rajshahi   03/09/1969 Zeitlinger 20.00   615.852 BAY 1966 06/04/2014 C-2 Books